[Event "Lorca op 7th"]
[Site "Lorca"]
[Date "2018.12.26"]
[Round "1"]
[White "Bjerre, Tavs"]
[Black "Nayhebaver, Martin"]
[Result "0-1"]
[WhiteElo "2039"]
[BlackElo "2460"]
[PlyCount "58"]
[EventDate "2018.12.26"]
[EventType "swiss"]
[EventRounds "9"]
[EventCountry "ESP"]
[SourceTitle "CBM 188 Extra"]
[Source "ChessBase"]
[SourceDate "2019.02.26"]
[SourceVersion "1"]
[SourceVersionDate "2019.02.26"]
[SourceQuality "1"]

1. d4 Nf6 2. c4 e6 3. Nc3 Bb4 4. e3 0-0 5. Bd3 c5 6. Nf3 d5 7. 0-0 b6 8. Ne5 dxc4 9. Bxc4 Ba6 10. Qf3 Bxc4 11. Nxc4 Nbd7 12. Ne2 b5 13. Nd2 Rc8 14. a3 Bxd2 15. Bxd2 cxd4 16. Nxd4 Qb6 17. Qe2 e5 18. Nf5 Qe6 19. e4 Rc2 20. f3 Rxb2 21. Rab1 Rxb1 22. Rxb1 g6 23. Nh6+ Kg7 24. Qxb5 Rc8 25. Qd3 Qa2 26. Rc1 Rb8 27. Rc2 Qb1+ 28. Kf2 Rb2 29. Rc3 Qd1 0-1

[Event "Gibraltar Masters 16th"]
[Site "Caleta"]
[Date "2018.01.26"]
[Round "4"]
[White "Bjerre, Tavs"]
[Black "Antova, Gabriela"]
[Result "0-1"]
[WhiteElo "2071"]
[BlackElo "2260"]
[PlyCount "94"]
[EventDate "2018.01.23"]
[EventType "swiss"]
[EventRounds "10"]
[EventCountry "GGB"]
[SourceTitle "CBM 183"]
[Source "ChessBase"]
[SourceDate "2018.03.14"]
[SourceVersion "1"]
[SourceVersionDate "2018.03.14"]
[SourceQuality "1"]

1. d4 Nf6 2. c4 e6 3. Nc3 Bb4 4. e3 c5 5. Bd3 0-0 6. Nf3 d5 7. 0-0 Nc6 8. a3 Bxc3 9. bxc3 Qc7 10. a4 dxc4 11. Bxc4 e5 12. dxe5 Nxe5 13. Nxe5 Qxe5 14. Qe2 Bf5 15. Bb2 Ng4 16. g3 Rad8 17. h3 Nf6 18. Kh2 Ne4 19. Rfd1 Qf6 20. Bd5 Qh6 21. g4 Ng5 22. Bg2 Be4 23. f4 Bf3 24. Qf1 Rxd1 25. Rxd1 Bxd1 26. Qxd1 Qb6 27. Qc2 Ne6 28. c4 Rd8 29. Bd5 Nc7 30. Qc3 Qf6 31. Qb3 Qh4 32. Qc3 Qf2+ 33. Kh1 Ne8 34. Qe5 Kf8 35. Qf5 Rxd5 36. Qxd5 Qxb2 37. Qxc5+ Kg8 38. Qe7 Qa1+ 39. Kg2 Qxa4 40. Qxb7 h6 41. Qc8 a5 42. c5 Qe4+ 43. Kf2 Kh7 44. c6 a4 45. Qd7 a3 46. Qxf7 Qc2+ 47. Kg3 Nd6 0-1

[Event "Gibraltar Masters 16th"]
[Site "Caleta"]
[Date "2018.01.25"]
[Round "3"]
[White "Bjerre, Tavs"]
[Black "Wilson, Matthew R"]
[Result "1-0"]
[WhiteElo "2071"]
[BlackElo "1782"]
[PlyCount "79"]
[EventDate "2018.01.23"]
[EventType "swiss"]
[EventRounds "10"]
[EventCountry "GGB"]
[SourceTitle "CBM 183"]
[Source "ChessBase"]
[SourceDate "2018.03.14"]
[SourceVersion "1"]
[SourceVersionDate "2018.03.14"]
[SourceQuality "1"]

1. e4 c5 2. Nf3 e6 3. d4 cxd4 4. Nxd4 a6 5. Bd3 Qc7 6. 0-0 Nf6 7. Qe2 d6 8. c4 Nbd7 9. Nc3 b6 10. Be3 Be7 11. Rac1 Bb7 12. Rfd1 Rc8 13. f3 Qb8 14. Qf2 0-0 15. Bf1 Rfe8 16. Kh1 h5 17. b3 Bd8 18. Nde2 Bc7 19. Qh4 d5 20. Nf4 d4 21. Rxd4 Bxf4 22. Bxf4 e5 23. Bg3 Nf8 24. Rd2 Ng6 25. Qg5 Nf4 26. Bxf4 exf4 27. Rcd1 Nh7 28. Qxh5 g6 29. Qh4 g5 30. Qf2 Re6 31. Nd5 Bxd5 32. cxd5 Rh6 33. Bxa6 Rc3 34. d6 Qd8 35. Qd4 Rc5 36. b4 Rc6 37. e5 Nf8 38. Bb7 Ne6 39. Qf2 Rc3 40. Rc2 1-0

[Event "Fredericia Cand"]
[Site "Fredericia"]
[Date "2017.05.27"]
[Round "6"]
[White "Bjerre, Tavs"]
[Black "Light, Bjarne"]
[Result "1/2-1/2"]
[WhiteElo "2072"]
[BlackElo "2151"]
[PlyCount "42"]
[EventDate "2017.05.26"]
[EventType "swiss"]
[EventRounds "9"]
[EventCountry "DEN"]
[SourceTitle "CBM 178 Extra"]
[Source "ChessBase"]
[SourceDate "2017.06.22"]
[SourceVersion "1"]
[SourceVersionDate "2017.06.22"]
[SourceQuality "1"]

1. d4 Nf6 2. c4 e6 3. Nc3 Bb4 4. e3 c5 5. Bd3 0-0 6. Nf3 b6 7. 0-0 Bb7 8. Qc2 cxd4 9. Nxd4 Nc6 10. a3 Be7 11. Nxc6 dxc6 12. b3 Qc7 13. Ne4 Ng4 14. Ng3 f5 15. Be2 Ne5 16. f4 Nd7 17. Bb2 Rae8 18. Rad1 c5 19. Bf3 Bxf3 20. Rxf3 Bf6 21. Bxf6 Nxf6 1/2-1/2

[Event "DEN-chT 1617 55th"]
[Site "Denmark"]
[Date "2017.02.26"]
[Round "7.5"]
[White "Pedersen, Martin Rosenkilde"]
[Black "Bjerre, Tavs"]
[Result "1/2-1/2"]
[WhiteElo "2121"]
[BlackElo "2073"]
[PlyCount "24"]
[EventDate "2016.10.29"]
[EventType "team-tourn"]
[EventRounds "9"]
[EventCountry "DEN"]
[SourceTitle "EXT 2018"]
[Source "ChessBase"]
[SourceDate "2017.10.13"]
[SourceVersion "1"]
[SourceVersionDate "2017.10.13"]
[SourceQuality "1"]
[WhiteTeam "Hillerod"]
[BlackTeam "Skanderborg Nordea"]
[WhiteTeamCountry "DEN"]
[BlackTeamCountry "DEN"]

1. e4 c5 2. c3 Nf6 3. e5 Nd5 4. Nf3 e6 5. d4 cxd4 6. cxd4 d6 7. Bc4 Be7 8. 0-0 0-0 9. Qe2 Nc6 10. a3 Bd7 11. Rd1 Na5 12. Ba2 Ba4 1/2-1/2

[Event "DEN-chT 1516 54th"]
[Site "Denmark"]
[Date "2016.03.05"]
[Round "8.1"]
[White "Andersen, Soren Mikkel"]
[Black "Bjerre, Tavs"]
[Result "0-1"]
[WhiteElo "2122"]
[BlackElo "2064"]
[PlyCount "74"]
[EventDate "2015.10.31"]
[EventType "team-tourn"]
[EventRounds "9"]
[EventCountry "DEN"]
[SourceTitle "EXT 2017"]
[Source "ChessBase"]
[SourceDate "2016.10.25"]
[SourceVersion "1"]
[SourceVersionDate "2016.10.25"]
[SourceQuality "1"]
[WhiteTeam "Bronshoj"]
[BlackTeam "Skanderborg Nordea"]
[WhiteTeamCountry "DEN"]
[BlackTeamCountry "DEN"]

1. d4 Nf6 2. c4 g6 3. Nc3 Bg7 4. e4 d6 5. Nf3 0-0 6. Be2 Na6 7. 0-0 e5 8. Be3 Ng4 9. Bg5 Qe8 10. c5 exd4 11. Nxd4 Qe5 12. Nf3 Qxc5 13. Nd5 c6 14. Ne7+ Kh8 15. Bxa6 bxa6 16. Rc1 Qa5 17. Qxd6 Be6 18. Nxc6 Qxa2 19. h3 Nf6 20. Qd4 Nd5 21. Qd2 Nb6 22. e5 Rfc8 23. Bf6 Nd5 24. Nb4 Qa5 25. Nxd5 Qxd2 26. Bxg7+ Kxg7 27. Nxd2 Bxd5 28. Rxc8 Rxc8 29. Ra1 Rc2 30. Nf1 Rxb2 31. Rxa6 Rb1 32. Ra4 a6 33. f3 Bc6 34. Ra2 Bb5 35. Rf2 a5 36. g4 Rxf1+ 37. Rxf1 Bxf1 0-1

[Event "Lorca op 4th"]
[Site "Lorca"]
[Date "2015.12.29"]
[Round "6"]
[White "Giaccio, Alfredo Gustavo"]
[Black "Bjerre, Tavs"]
[Result "1-0"]
[WhiteElo "2476"]
[BlackElo "2064"]
[PlyCount "47"]
[EventDate "2015.12.26"]
[EventType "swiss"]
[EventRounds "9"]
[EventCountry "ESP"]
[SourceTitle "CBM 170 Extra"]
[Source "ChessBase"]
[SourceDate "2016.02.25"]
[SourceVersion "1"]
[SourceVersionDate "2016.02.25"]
[SourceQuality "1"]

1. e4 c5 2. c4 Nc6 3. Nc3 g6 4. g3 Bg7 5. Bg2 d6 6. d3 a6 7. Nge2 Rb8 8. a4 b6 9. 0-0 e6 10. Rb1 Nge7 11. Be3 Nd4 12. b4 Bb7 13. Qd2 0-0 14. Bh6 Nec6 15. Bxg7 Kxg7 16. b5 axb5 17. cxb5 Nxe2+ 18. Nxe2 Nb4 19. d4 Ra8 20. Ra1 Ra5 21. Rfd1 Qa8 22. dxc5 dxc5 23. Nc3 Qc8 24. Qd6 1-0

[Event "Lorca op 4th"]
[Site "Lorca"]
[Date "2015.12.28"]
[Round "4"]
[White "Mingarro Carceller, Sergi"]
[Black "Bjerre, Tavs"]
[Result "1/2-1/2"]
[WhiteElo "2305"]
[BlackElo "2064"]
[PlyCount "55"]
[EventDate "2015.12.26"]
[EventType "swiss"]
[EventRounds "9"]
[EventCountry "ESP"]
[SourceTitle "CBM 170 Extra"]
[Source "ChessBase"]
[SourceDate "2016.02.25"]
[SourceVersion "1"]
[SourceVersionDate "2016.02.25"]
[SourceQuality "1"]

1. e4 c5 2. Nf3 e6 3. g3 d5 4. exd5 exd5 5. d4 Nf6 6. Bg2 Be7 7. 0-0 0-0 8. dxc5 Bxc5 9. Nc3 Nc6 10. a3 h6 11. b4 Be7 12. Bb2 Be6 13. Re1 Rc8 14. Nd4 Nxd4 15. Qxd4 b6 16. Rad1 Re8 17. Rd2 Rc4 18. Qd3 Qd7 19. Nxd5 Bxd5 20. Bxf6 Bxf6 21. Rxe8+ Qxe8 22. Qxd5 Rc3 23. Be4 Rxa3 24. Qf5 Ra1+ 25. Kg2 g6 26. Qxf6 Qxe4+ 27. f3 Rg1+ 28. Kh3 1/2-1/2

[Event "Politiken Cup 37th"]
[Site "Helsingor"]
[Date "2015.07.30"]
[Round "7"]
[White "Hinrichs, Lars"]
[Black "Bjerre, Tavs"]
[Result "1/2-1/2"]
[WhiteElo "2205"]
[BlackElo "2059"]
[PlyCount "134"]
[EventDate "2015.07.25"]
[EventType "swiss"]
[EventRounds "10"]
[EventCountry "DEN"]
[SourceTitle "CBM 167 Extra"]
[Source "ChessBase"]
[SourceDate "2015.09.14"]
[SourceVersion "1"]
[SourceVersionDate "2015.09.14"]
[SourceQuality "1"]

1. e4 c5 2. Nf3 e6 3. d4 cxd4 4. Nxd4 Nc6 5. Nc3 Qc7 6. Be3 a6 7. Qd2 Nf6 8. 0-0-0 Be7 9. f3 0-0 10. g4 b5 11. g5 Nh5 12. Nce2 Rd8 13. Ng3 Nxd4 14. Qxd4 Nf4 15. h4 Bb7 16. Qb6 Qb8 17. Kb1 d5 18. e5 Ng6 19. Bd4 Nxe5 20. Bxe5 Qxe5 21. Qxb7 Bc5 22. f4 Qxf4 23. Bd3 Qxg3 24. Rhf1 Ra7 25. Qc6 Qc7 26. Qxc7 Rxc7 27. h5 g6 28. Rf3 Be7 29. Rg3 Rdc8 30. Rh1 Bd6 31. Rgh3 Be5 32. Re1 Bg7 33. Rh2 e5 34. Rd2 e4 35. Bf1 Rc5 36. Bg2 d4 37. hxg6 hxg6 38. Rxe4 Rxg5 39. Re7 Rc6 40. a3 Rf6 41. Bb7 a5 42. Ka2 Rf1 43. Bc6 a4 44. Bg2 Rg1 45. Bf3 Rc1 46. Re8+ Kh7 47. Rh2+ Bh6 48. Rh1 Rxh1 49. Bxh1 Rc5 50. Be4 f5 51. Bd3 Kg7 52. Rb8 Kf6 53. b4 axb3+ 54. Kxb3 Rc3+ 55. Kb2 Rc5 56. Bxb5 g5 57. a4 g4 58. Rb6+ Kg5 59. Be8 Bf8 60. Rg6+ Kh4 61. Bc6 f4 62. Bd7 Rg5 63. Rf6 Bg7 64. Rxf4 d3+ 65. Kc1 d2+ 66. Kd1 Bh6 67. Rxg4+ Rxg4 1/2-1/2

[Event "Politiken Cup 37th"]
[Site "Helsingor"]
[Date "2015.07.27"]
[Round "4"]
[White "Bjerre, Tavs"]
[Black "Bach, Matthias"]
[Result "0-1"]
[WhiteElo "2059"]
[BlackElo "2236"]
[PlyCount "82"]
[EventDate "2015.07.25"]
[EventType "swiss"]
[EventRounds "10"]
[EventCountry "DEN"]
[SourceTitle "CBM 167 Extra"]
[Source "ChessBase"]
[SourceDate "2015.09.14"]
[SourceVersion "1"]
[SourceVersionDate "2015.09.14"]
[SourceQuality "1"]

1. e4 c5 2. Nf3 d6 3. d4 cxd4 4. Nxd4 a6 5. c4 b6 6. Nc3 Bb7 7. Be2 Nf6 8. f3 e6 9. 0-0 Nbd7 10. Be3 Be7 11. Qd2 0-0 12. Rfd1 Qc7 13. Rac1 Rac8 14. Bf1 Qb8 15. Qf2 Bd8 16. Nc2 Bc7 17. g3 Rfe8 18. Na3 Rcd8 19. Rd2 Ne5 20. Rcd1 d5 21. exd5 exd5 22. Bf4 d4 23. Bxe5 Bxe5 24. Ne2 Bd6 25. Nc2 a5 26. Bg2 Bc5 27. Nexd4 h5 28. Kf1 Ba6 29. b3 b5 30. cxb5 Bxb5+ 31. Kg1 Re7 32. Bf1 Bxf1 33. Qxf1 Red7 34. Kg2 Qb6 35. Qc4 Nd5 36. Re2 Nc7 37. Re4 Nb5 38. Qxb5 Qxb5 39. Nxb5 Rxd1 40. Rc4 R8d2+ 41. Kh3 Rh1 0-1

[Event "Politiken Cup 37th"]
[Site "Helsingor"]
[Date "2015.07.26"]
[Round "2"]
[White "Bjerre, Tavs"]
[Black "Hoi, Carsten"]
[Result "0-1"]
[WhiteElo "2059"]
[BlackElo "2383"]
[PlyCount "68"]
[EventDate "2015.07.25"]
[EventType "swiss"]
[EventRounds "10"]
[EventCountry "DEN"]
[SourceTitle "CBM 167 Extra"]
[Source "ChessBase"]
[SourceDate "2015.09.14"]
[SourceVersion "1"]
[SourceVersionDate "2015.09.14"]
[SourceQuality "1"]

1. d4 d5 2. c4 dxc4 3. Nf3 Nf6 4. e3 Bg4 5. Bxc4 e6 6. 0-0 a6 7. Qe2 Nc6 8. Rd1 Bd6 9. Nc3 Qe7 10. a3 e5 11. Nd5 Nxd5 12. Bxd5 e4 13. Qc2 f5 14. Bxc6+ bxc6 15. Qxc6+ Kf7 16. Qd5+ Kg6 17. h3 Rad8 18. Kf1 Bh5 19. g4 fxg4 20. Ne5+ Bxe5 21. Qxe4+ Kh6 22. hxg4 Qh4 23. g5+ Qxg5 24. Qh1 Kg6 25. Rd2 Bd6 26. f4 Qb5+ 27. Kg1 Bg4 28. e4 h5 29. f5+ Kf7 30. Rc2 Qd3 31. Rc3 Qd1+ 32. Kg2 Qe2+ 33. Kg1 Qe1+ 34. Kg2 Qxe4+ 0-1

[Event "Copenhagen Challenge"]
[Site "Ballerup"]
[Date "2014.05.17"]
[Round "7"]
[White "Bjerre, Tavs"]
[Black "Subramanian, Aditya"]
[Result "1/2-1/2"]
[WhiteElo "2067"]
[BlackElo "1845"]
[PlyCount "29"]
[EventDate "2014.05.14"]
[EventType "swiss"]
[EventRounds "9"]
[EventCountry "DEN"]
[SourceTitle "CBM 160 Extra"]
[Source "ChessBase"]
[SourceDate "2014.07.01"]
[SourceVersion "1"]
[SourceVersionDate "2014.07.01"]
[SourceQuality "1"]

1. d4 Nf6 2. c4 e6 3. Nc3 Bb4 4. e3 0-0 5. Bd3 d5 6. Nf3 c5 7. 0-0 cxd4 8. exd4 dxc4 9. Bxc4 b6 10. Bg5 Bb7 11. Qe2 Nbd7 12. Rfd1 Be7 13. Rac1 Re8 14. Ne5 Nd5 15. Bxe7 1/2-1/2

[Event "DEN-ch cand"]
[Site "Skorping"]
[Date "2014.04.20"]
[Round "6"]
[White "Bjerre, Tavs"]
[Black "Andersen, Soren Mikkel"]
[Result "1-0"]
[WhiteElo "2053"]
[BlackElo "2099"]
[PlyCount "85"]
[EventDate "2014.04.15"]
[EventType "swiss"]
[EventRounds "7"]
[EventCountry "DEN"]
[SourceTitle "EXT 2023"]
[Source "ChessBase"]
[SourceDate "2022.10.05"]
[SourceVersion "1"]
[SourceVersionDate "2022.10.05"]
[SourceQuality "1"]

1. d4 Nf6 2. c4 e6 3. Nc3 d5 4. cxd5 exd5 5. Bg5 Be7 6. e3 c6 7. Qc2 Nbd7 8. Bd3 0-0 9. Nge2 Re8 10. 0-0 Nf8 11. f3 g6 12. e4 Ne6 13. Bxf6 Bxf6 14. e5 Bg7 15. f4 f5 16. Kh1 a6 17. Na4 Bf8 18. a3 Qc7 19. b4 b6 20. Rac1 Bd7 21. g4 Ng7 22. Ng3 fxg4 23. f5 gxf5 24. Nxf5 Nxf5 25. Bxf5 Bxf5 26. Qxf5 Bg7 27. Qxg4 a5 28. Rf6 Rac8 29. Rfxc6 Qxc6 30. Rxc6 Rxc6 31. Qd7 Ree6 32. Qxd5 axb4 33. axb4 Kf8 34. Nc3 Rg6 35. Qf3+ Ke8 36. h4 h5 37. Qxh5 Kf7 38. Qf3+ Kg8 39. Nd5 Rc1+ 40. Kh2 Rc2+ 41. Kh3 Bf8 42. Qe4 Rgc6 43. e6 1-0

[Event "DEN-ch cand"]
[Site "Skorping"]
[Date "2014.04.15"]
[Round "1"]
[White "Bjerre, Tavs"]
[Black "Lauridsen, Jesper Morch"]
[Result "0-1"]
[WhiteElo "2053"]
[BlackElo "2239"]
[PlyCount "64"]
[EventDate "2014.04.15"]
[EventType "swiss"]
[EventRounds "7"]
[EventCountry "DEN"]
[SourceTitle "EXT 2023"]
[Source "ChessBase"]
[SourceDate "2022.10.05"]
[SourceVersion "1"]
[SourceVersionDate "2022.10.05"]
[SourceQuality "1"]

1. d4 d5 2. c4 e6 3. Nc3 c5 4. cxd5 cxd4 5. Qa4+ Bd7 6. Qxd4 exd5 7. Qxd5 Nf6 8. Qd1 Bc5 9. e3 Qe7 10. Nf3 0-0 11. Be2 Rd8 12. 0-0 Nc6 13. a3 Ne5 14. b4 Bd6 15. Bb2 Rac8 16. Nd4 Neg4 17. g3 h5 18. Bf3 h4 19. Nd5 Nxd5 20. Bxd5 hxg3 21. hxg3 Qe5 22. Qf3 Qh5 23. Qh1 Qg5 24. Qh4 Qxd5 25. Rad1 Ne5 26. f4 Ng6 27. Qh2 Qe4 28. Qf2 Bg4 29. Rd2 Be7 30. Nb3 Rxd2 31. Nxd2 Qc2 32. Rc1 Qxb2 0-1

[Event "Nord West Cup 16th"]
[Site "Bad Zwischenahn"]
[Date "2014.01.23"]
[Round "1"]
[White "Li, Chao B"]
[Black "Bjerre, Tavs"]
[Result "1-0"]
[WhiteElo "2680"]
[BlackElo "2030"]
[PlyCount "41"]
[EventDate "2014.01.23"]
[EventType "swiss"]
[EventRounds "7"]
[EventCountry "GER"]
[SourceTitle "CBM 158 Extra"]
[Source "ChessBase"]
[SourceDate "2014.02.28"]
[SourceVersion "1"]
[SourceVersionDate "2014.02.28"]
[SourceQuality "1"]

1. d4 Nf6 2. c4 g6 3. Nc3 Bg7 4. e4 d6 5. Nf3 0-0 6. Be2 Na6 7. 0-0 e5 8. Be3 Ng4 9. Bg5 f6 10. Bh4 Qe8 11. c5 exd4 12. Nxd4 dxc5 13. Ndb5 Nh6 14. Nd5 Qxe4 15. Bg3 Nf5 16. Bf3 Qe8 17. Ndxc7 Qd7 18. Qb3+ Kh8 19. Nxa8 Nb4 20. Nac7 a6 21. Rad1 1-0

[Event "Arad op"]
[Site "Arad"]
[Date "2013.08.04"]
[Round "2"]
[White "Georgescu, Tiberiu Marian"]
[Black "Bjerre, Tavs"]
[Result "1-0"]
[WhiteElo "2419"]
[BlackElo "2029"]
[PlyCount "57"]
[EventDate "2013.08.03"]
[EventType "swiss"]
[EventRounds "9"]
[EventCountry "ROU"]
[SourceTitle "CBM 155 Extra"]
[Source "ChessBase"]
[SourceDate "2013.08.26"]
[SourceVersion "1"]
[SourceVersionDate "2013.08.26"]
[SourceQuality "1"]

1. d4 Nf6 2. c4 g6 3. Nc3 Bg7 4. e4 d6 5. f3 0-0 6. Be3 Nc6 7. Nge2 a6 8. Qd2 Rb8 9. Rc1 Bd7 10. Nd1 e5 11. d5 Ne7 12. c5 Ne8 13. g3 f5 14. Bg2 dxc5 15. Bxc5 Nd6 16. Nf2 b6 17. Be3 Kh8 18. 0-0 Bb5 19. b3 c6 20. dxc6 Bxc6 21. Rfd1 Nf7 22. exf5 gxf5 23. f4 Bxg2 24. Kxg2 Qxd2 25. Rxd2 Rb7 26. fxe5 Bxe5 27. Nd3 Bf6 28. Ndf4 Ng5 29. Rd6 1-0

[Event "Balatonalmadi Pannonia Cup 18th"]
[Site "Balatonalmadi"]
[Date "2013.07.27"]
[Round "5"]
[White "Bjerre, Tavs"]
[Black "Marosi, Levente"]
[Result "0-1"]
[WhiteElo "2029"]
[BlackElo "2075"]
[PlyCount "98"]
[EventDate "2013.07.24"]
[EventType "swiss"]
[EventRounds "7"]
[EventCountry "HUN"]
[SourceTitle "EXT 2016"]
[Source "ChessBase"]
[SourceDate "2015.10.08"]
[SourceVersion "1"]
[SourceVersionDate "2015.10.08"]
[SourceQuality "1"]

1. d4 Nf6 2. c4 g6 3. Nc3 Bg7 4. e4 d6 5. f3 0-0 6. Nge2 c5 7. d5 e6 8. Ng3 exd5 9. cxd5 b6 10. Be2 Na6 11. 0-0 Nc7 12. f4 Re8 13. Bf3 Rb8 14. a4 a6 15. Re1 h5 16. h3 h4 17. Nh1 b5 18. axb5 axb5 19. Nf2 b4 20. Na4 Nd7 21. Be3 Nb5 22. Bg4 Nb6 23. Nxb6 Qxb6 24. Qd2 Nd4 25. Bxd4 Bxd4 26. Kh1 c4 27. Bxc8 Bxf2 28. Re2 c3 29. bxc3 bxc3 30. Qc2 Qb2 31. Rf1 Qxc2 32. Rxc2 Rbxc8 33. Rfxf2 Rxe4 34. Kg1 Rd4 35. Rf3 Rdc4 36. g3 hxg3 37. Kg2 Kg7 38. Kxg3 Kf6 39. h4 Kf5 40. Re3 R8c7 41. Rd3 Ke4 42. Rd1 Rd4 43. Rdc1 Rd3+ 44. Kg4 Kxd5 45. f5 Kd4 46. fxg6 fxg6 47. Kg5 Rd2 48. Kxg6 Kd3 49. Rxd2+ Kxd2 0-1

[Event "Balatonalmadi Pannonia Cup 18th"]
[Site "Balatonalmadi"]
[Date "2013.07.27"]
[Round "6"]
[White "Farkas, Akos"]
[Black "Bjerre, Tavs"]
[Result "1/2-1/2"]
[WhiteElo "1829"]
[BlackElo "2029"]
[PlyCount "46"]
[EventDate "2013.07.24"]
[EventType "swiss"]
[EventRounds "7"]
[EventCountry "HUN"]
[SourceTitle "EXT 2016"]
[Source "ChessBase"]
[SourceDate "2015.10.08"]
[SourceVersion "1"]
[SourceVersionDate "2015.10.08"]
[SourceQuality "1"]

1. c4 g6 2. Nc3 Bg7 3. e3 d6 4. g3 Nc6 5. Bg2 e5 6. Nge2 f5 7. 0-0 Nf6 8. d4 0-0 9. h4 Qe8 10. a3 Qf7 11. d5 Na5 12. Qa4 b6 13. b4 Nxc4 14. Qb5 Nxe3 15. Bxe3 Nh5 16. Qc6 Bd7 17. Qxc7 f4 18. gxf4 exf4 19. Qxd6 Rad8 20. Bxf4 Bxc3 21. Bg5 Bf6 22. Bxf6 Nxf6 23. Qf4 Bb5 1/2-1/2

[Event "Prague Holiday K11"]
[Site "Prague"]
[Date "2012.07.19"]
[Round "8"]
[White "Bjerre, Tavs"]
[Black "Fitzke, Ulrich"]
[Result "1/2-1/2"]
[WhiteElo "1990"]
[BlackElo "2015"]
[PlyCount "36"]
[EventDate "2012.07.15"]
[EventType "tourn"]
[EventRounds "9"]
[EventCountry "CZE"]
[SourceTitle "EXT 2023"]
[Source "ChessBase"]
[SourceDate "2022.10.05"]
[SourceVersion "1"]
[SourceVersionDate "2022.10.05"]
[SourceQuality "1"]

1. d4 d5 2. c4 c6 3. Nf3 Nf6 4. e3 e6 5. b3 Be7 6. Bd3 0-0 7. 0-0 b6 8. Ne5 Bb7 9. Bb2 Nbd7 10. Nd2 c5 11. Qe2 cxd4 12. exd4 Rc8 13. Rad1 Bd6 14. Rfe1 Qe7 15. Bb1 Ba3 16. Bxa3 Qxa3 17. cxd5 Bxd5 18. Nxd7 Nxd7 1/2-1/2